[Event "CAN-ch"]
[Site "Guelph CAN"]
[Date "2009.08.10"]
[Round "3"]
[White "Thavandiran, Shiyam"]
[Black "Henry, Liam"]
[Result "0-1"]
[WhiteElo "2480"]
[BlackElo "2270"]
[PlyCount "84"]
[EventDate "2009.08.08"]
[EventType "swiss"]
[EventRounds "9"]
[EventCountry "CAN"]

1. e4 e6 2. d4 d5 3. e5 c5 4. c3 Qb6 5. Nf3 Bd7 6. Be2 cxd4 7. cxd4 Bb5 8. Nc3
Bxe2 9. Nxe2 Bb4+ 10. Kf1 Nc6 11. Rb1 Rc8 12. g3 h5 13. Kg2 Nh6 14. h3 Be7 15.
a3 Nf5 16. b4 a6 17. Bf4 g5 18. Nxg5 Ncxd4 19. Rc1 Rc4 20. Rxc4 dxc4 21. Nxd4
Nxd4 22. Nf3 Nb5 23. Qc1 Qc6 24. Rd1 Rg8 25. a4 Nc7 26. b5 axb5 27. axb5 Nxb5
28. Qa1 Nc7 29. Qa7 Nd5 30. Kh2 Kd7 31. Rb1 Bb4 32. Bd2 Qa6 33. Qxa6 bxa6 34.
Rxb4 Nxb4 35. Bxb4 Rb8 36. Bd2 Rb3 37. Kg2 c3 38. Bf4 a5 39. Nd4 a4 40. g4 hxg4
41. h4 Rb4 42. Ne2 a3 0-1

[Event "CAN-ch"]
[Site "Guelph CAN"]
[Date "2009.08.11"]
[Round "4"]
[White "Qin, Zi Yi (Joey)"]
[Black "Thavandiran, Shiyam"]
[Result "1-0"]
[WhiteElo "2208"]
[BlackElo "2480"]
[PlyCount "107"]
[EventDate "2009.08.08"]
[EventType "swiss"]
[EventRounds "9"]
[EventCountry "CAN"]

1. e4 c5 2. Nf3 Nc6 3. d4 cxd4 4. Nxd4 e5 5. Nb5 d6 6. c4 Be7 7. N1c3 a6 8. Na3
Be6 9. Be2 Bg5 10. Nc2 Bxc1 11. Rxc1 Nf6 12. O-O O-O 13. Qd2 Qb6 14. b3 Rfd8
15. Rfd1 Rac8 16. h3 Qa7 17. Bf1 Qb8 18. Qe3 h6 19. Be2 Ne7 20. Nb4 Nc6 21. Nc2
Qa7 22. Qxa7 Nxa7 23. f3 Nc6 24. Kf2 Kf8 25. Ke3 Ke7 26. Rd2 g6 27. Rcd1 Nh5
28. Bf1 f5 29. Kf2 f4 30. Na4 Nf6 31. Nb6 Rb8 32. b4 Na7 33. a3 Nc8 34. Na4 Rd7
35. Nb2 Na7 36. a4 b6 37. Na3 g5 38. Be2 h5 39. Nd3 g4 40. c5 bxc5 41. bxc5 Rb3
42. Nc2 Nc6 43. hxg4 hxg4 44. cxd6+ Rxd6 45. Nxe5 g3+ 46. Ke1 Nxe5 47. Rxd6 Rb8
48. Rxa6 Rb2 49. Nd4 Bc4 50. Nf5+ Kf7 51. Nd6+ Kg7 52. Nxc4 Nxc4 53. Bxc4 Rxg2
54. Kf1 1-0

[Event "CAN-ch"]
[Site "Guelph CAN"]
[Date "2009.08.12"]
[Round "5"]
[White "Thavandiran, Shiyam"]
[Black "Divljan, Igor"]
[Result "1-0"]
[WhiteElo "2480"]
[BlackElo "2412"]
[PlyCount "89"]
[EventDate "2009.08.08"]
[EventType "swiss"]
[EventRounds "9"]
[EventCountry "CAN"]

1. e4 c5 2. Nf3 e6 3. d4 cxd4 4. Nxd4 Nc6 5. Nb5 d6 6. Bf4 e5 7. Be3 Nf6 8. Bg5
Be6 9. Bxf6 gxf6 10. Nd2 Rc8 11. Nc4 Bxc4 12. Bxc4 Nd4 13. Qd3 Qa5+ 14. c3 Rxc4
15. Qxc4 Nxb5 16. Qc8+ Qd8 17. Qxb7 Qb6 18. Qc8+ Ke7 19. O-O Nc7 20. Rad1 Bg7
21. Qh3 Ne6 22. Qd3 Rd8 23. b4 Nf4 24. Qf3 Qb5 25. Rfe1 Qc4 26. g3 Ne6 27. Rd5
Rd7 28. Qe3 Nc7 29. Ra5 a6 30. a4 d5 31. Rc5 Qxe4 32. Qxe4 dxe4 33. Rc6 Kd8 34.
Rb1 Kc8 35. b5 Kb7 36. c4 f5 37. c5 Bf8 38. Rb6+ Ka7 39. Rf6 Ne6 40. c6 Re7 41.
b6+ Kb8 42. c7+ Kb7 43. Rd1 Bg7 44. Rxe6 Rxe6 45. Rd8 1-0

[Event "CAN-ch"]
[Site "Guelph CAN"]
[Date "2009.08.13"]
[Round "6"]
[White "Arsenault, Nicolas"]
[Black "Thavandiran, Shiyam"]
[Result "0-1"]
[WhiteElo "2228"]
[BlackElo "2480"]
[PlyCount "56"]
[EventDate "2009.08.08"]
[EventType "swiss"]
[EventRounds "9"]
[EventCountry "CAN"]

1. e4 e6 2. d4 d5 3. Nd2 c5 4. Ngf3 cxd4 5. Nxd4 Nf6 6. exd5 Qxd5 7. N2f3 a6 8.
Be2 Qa5+ 9. c3 Qc7 10. O-O Bd6 11. h3 O-O 12. Qc2 Nbd7 13. Rd1 h6 14. c4 b6 15.
Be3 Bb7 16. Rac1 Rac8 17. Qb1 Rfd8 18. b4 Qb8 19. a3 Nh5 20. Qb3 Nf4 21. Bf1
Ne5 22. Nxe5 Bxe5 23. g3 Nh5 24. f4 Bf6 25. Kh2 e5 26. fxe5 Nxg3 27. Kxg3 Qxe5+
28. Kf2 Qh2+ 0-1

[Event "CAN-ch"]
[Site "Guelph CAN"]
[Date "2009.08.14"]
[Round "7"]
[White "Thavandiran, Shiyam"]
[Black "Morin, Yves"]
[Result "1-0"]
[WhiteElo "2480"]
[BlackElo "2160"]
[PlyCount "65"]
[EventDate "2009.08.08"]
[EventType "swiss"]
[EventRounds "9"]
[EventCountry "CAN"]

1. e4 c6 2. d4 d5 3. Nd2 dxe4 4. Nxe4 Nf6 5. Nxf6+ gxf6 6. c3 Bf5 7. Nf3 e6 8.
g3 Bd6 9. Bg2 Nd7 10. O-O Qc7 11. a4 O-O-O 12. Nh4 Bg6 13. b4 f5 14. b5 c5 15.
a5 f4 16. b6 axb6 17. axb6 Nxb6 18. Ra7 Nd5 19. Nxg6 hxg6 20. c4 Qb8 21. Ra5
Nc3 22. Qf3 cxd4 23. Bd2 Rh5 24. Bxc3 dxc3 25. Rxh5 gxh5 26. Qxc3 Bc5 27. Rb1
b6 28. Qf3 Rd2 29. Rf1 fxg3 30. hxg3 Qc7 31. Qxh5 Qd7 32. Ra1 Kd8 33. Qg5+ 1-0

[Event "Quebec op"]
[Site "Montreal CAN"]
[Date "2009.07.19"]
[Round "3"]
[White "Georgiev, Vladimir"]
[Black "Thavandiran, Shiyam"]
[Result "1-0"]
[WhiteElo "2530"]
[BlackElo "2291"]
[PlyCount "105"]
[EventDate "2009.07.18"]
[EventType "swiss"]
[EventRounds "9"]
[EventCountry "CAN"]

1. d4 e6 2. c4 Nf6 3. Nc3 Bb4 4. e3 d5 5. a3 Bxc3+ 6. bxc3 O-O 7. cxd5 exd5 8.
Bd3 b6 9. Ne2 Ba6 10. O-O c5 11. f3 Re8 12. Ng3 Bxd3 13. Qxd3 Nc6 14. Bb2 h5
15. Rae1 g6 16. e4 h4 17. Nh1 cxd4 18. cxd4 Nh5 19. e5 Nf4 20. Qe3 Qg5 21. g3
hxg3 22. hxg3 Ne6 23. f4 Qf5 24. Rd1 Na5 25. Qf3 Nc4 26. Bc1 Qe4 27. Qf2 Qf5
28. Qg2 Qe4 29. Nf2 Qxg2+ 30. Kxg2 Kg7 31. Ng4 Rh8 32. f5 gxf5 33. Rxf5 Rad8
34. Rdf1 Rd7 35. Nf6 Rc7 36. Nxd5 Rd7 37. Ne3 Nxe3+ 38. Bxe3 Rc8 39. d5 Rxd5
40. Rxf7+ Kg8 41. Rxa7 Rc2+ 42. Rf2 Rxf2+ 43. Kxf2 b5 44. Bf4 Rd3 45. Ke2 Rb3
46. Be3 Kf8 47. g4 b4 48. axb4 Rxb4 49. Kf3 Rb3 50. Ke4 Ke8 51. g5 Nf8 52. Bc5
Ng6 53. e6 1-0

[Event "Quebec op"]
[Site "Montreal CAN"]
[Date "2009.07.20"]
[Round "4"]
[White "Thavandiran, Shiyam"]
[Black "Malakhatko, Vadim"]
[Result "1/2-1/2"]
[WhiteElo "2291"]
[BlackElo "2570"]
[PlyCount "266"]
[EventDate "2009.07.18"]
[EventType "swiss"]
[EventRounds "9"]
[EventCountry "CAN"]

1. e4 c5 2. Nf3 e6 3. d4 cxd4 4. Nxd4 a6 5. Bd3 Nc6 6. Nxc6 bxc6 7. O-O d5 8.
Nd2 Nf6 9. Re1 Be7 10. e5 Nd7 11. Qh5 Nc5 12. Nf3 Nxd3 13. cxd3 O-O 14. Qg4 Kh8
15. Nd4 Bd7 16. Re3 f5 17. exf6 Bxf6 18. Nf3 e5 19. Qg3 Bf5 20. Nxe5 Bh4 21.
Qf3 Be6 22. Qh5 Bxf2+ 23. Kh1 Qe8 24. Qxe8 Raxe8 25. d4 Bxe3 26. Bxe3 Bf5 27.
Rc1 Be4 28. Kg1 Re6 29. b4 h6 30. Bd2 Kh7 31. a3 Bg6 32. Be3 Bh5 33. Re1 Re7
34. Bd2 Rf6 35. Bc1 Bg6 36. Bd2 Bc2 37. h3 Ba4 38. Be3 Bb5 39. g4 Re8 40. Kg2
Kg8 41. Rc1 Ref8 42. Nd7 Rf3 43. Nxf8 Rxe3 44. Ng6 Rxa3 45. Ne7+ Kf7 46. Nxc6
Kf6 47. Rc5 Rb3 48. Kh2 Ke6 49. Nd8+ Ke7 50. Rxd5 Rxb4 51. Nb7 Rb2+ 52. Kg3
Rb3+ 53. Kh2 Rb2+ 54. Kg3 Rg2+ 55. Kh4 Re2 56. Nc5 Re3 57. g5 a5 58. gxh6 gxh6
59. Rh5 a4 60. Nxa4 Bxa4 61. Rxh6 Bd7 62. Kg5 Bxh3 63. Kf4 Ra3 64. Ke5 Bd7 65.
Rh7+ Kd8 66. Kd6 Ra6+ 67. Ke5 Re6+ 68. Kd5 Kc7 69. Rf7 Ra6 70. Rg7 Ra5+ 71. Kc4
Kd6 72. Rg1 Ra4+ 73. Kc3 Be6 74. Rg5 Ra3+ 75. Kc2 Rf3 76. Rc5 Bd5 77. Rc3 Rf4
78. Kd3 Rh4 79. Ke3 Ke6 80. Rc5 Rh3+ 81. Kd2 Rg3 82. Ke2 Bb7 83. Ra5 Kd6 84.
Kd2 Be4 85. Ke2 Rd3 86. Ra2 Kd5 87. Ra8 Rh3 88. Ra5+ Kxd4 89. Ra4+ Ke5 90. Kd2
Rd3+ 91. Kc1 Rb3 92. Ra2 Kd4 93. Rb2 Rh3 94. Kd2 Bd3 95. Rb4+ Bc4 96. Rb2 Rg3
97. Kc2 Rh3 98. Kd2 Bb3 99. Kc1 Kc3 100. Rc2+ Kb4 101. Rf2 Rd3 102. Rd2 Rc3+
103. Kb2 Bc4 104. Rc2 Rf3 105. Kc1 Bd3 106. Rb2+ Kc3 107. Rc2+ Kd4 108. Rb2 Ke3
109. Rh2 Rf1+ 110. Kb2 Rb1+ 111. Kc3 Rc1+ 112. Kb4 Rc4+ 113. Kb3 Rc8 114. Rb2
Kd4 115. Kb4 Rc7 116. Kb3 Rc8 117. Kb4 Bc2 118. Ka3 Kd3 119. Rb6 Kd4 120. Kb4
Be4 121. Rb5 Bd5 122. Rb6 Rc1 123. Kb5 Be4 124. Rd6+ Bd5 125. Rb6 Rc2 126. Kb4
Bc6 127. Ka5 Rc1 128. Kb4 Kd5 129. Ka3 Kc5 130. Kb2 Rg1 131. Rb8 Kc4 132. Rc8
Rg2+ 133. Kc1 Kd5 1/2-1/2

[Event "Quebec op"]
[Site "Montreal CAN"]
[Date "2009.07.21"]
[Round "5"]
[White "Thavandiran, Shiyam"]
[Black "Kasparov, Sergey"]
[Result "1/2-1/2"]
[WhiteElo "2291"]
[BlackElo "2487"]
[PlyCount "72"]
[EventDate "2009.07.18"]
[EventType "swiss"]
[EventRounds "9"]
[EventCountry "CAN"]

1. e4 d5 2. exd5 Qxd5 3. Nc3 Qa5 4. d4 Nf6 5. Bc4 c6 6. Nf3 Bf5 7. O-O e6 8. h3
Nbd7 9. Nh4 Bg6 10. Nxg6 hxg6 11. Bf4 O-O-O 12. Ne2 Nb6 13. Bd3 Bd6 14. Bxd6
Rxd6 15. c4 Rd7 16. Rb1 Qh5 17. b4 Rc7 18. c5 Nbd5 19. b5 cxb5 20. Rxb5 g5 21.
Qa4 g4 22. Qxa7 gxh3 23. Rxb7 Ne8 24. c6 Kd8 25. Nf4 Qg5 26. Qb8+ Ke7 27. Nxd5+
Qxd5 28. Rxc7+ Kf6 29. Rxf7+ Kxf7 30. Qf4+ Nf6 31. Qc7+ Kf8 32. Qb8+ Kf7 33.
Qc7+ Kf8 34. Qb8+ Kf7 35. Qa7+ Kf8 36. Qb8+ Kf7 1/2-1/2

[Event "PWC Toronto op"]
[Site "Toronto CAN"]
[Date "2009.04.17"]
[Round "1"]
[White "Thavandiran, Shiyam"]
[Black "Southam, David"]
[Result "1-0"]
[WhiteElo "2291"]
[BlackElo "2138"]
[PlyCount "110"]
[EventDate "2009.04.17"]
[EventType "swiss"]
[EventRounds "5"]
[EventCountry "CAN"]
[Source "Mark Crowther"]
[SourceDate "2009.04.20"]

1. e4 c5 2. Nc3 e6 3. Nf3 Nc6 4. Bb5 Qc7 5. O-O a6 6. Bxc6 Qxc6 7. Re1 d6 8. d4
cxd4 9. Qxd4 Qc5 10. Qd3 Be7 11. Bf4 Nf6 12. Rad1 e5 13. Be3 Qc6 14. Bg5 Be6
15. Bxf6 Bxf6 16. Qxd6 Rc8 17. Re2 Qxd6 18. Rxd6 O-O 19. Nd5 Rc6 20. Nxf6+ gxf6
21. Rxc6 bxc6 22. b3 a5 23. Rd2 a4 24. Ne1 c5 25. c4 Ra8 26. f3 axb3 27. axb3
Ra1 28. Kf2 Rb1 29. Rd3 Rb2+ 30. Kf1 f5 31. exf5 Bxf5 32. Rd5 Be6 33. Rxe5 Rxb3
34. Rxc5 Rc3 35. Rg5+ Kf8 36. c5 f5 37. Kf2 Rxc5 38. Nd3 Ra5 39. Rh5 Kg7 40.
Rh4 Bf7 41. Rb4 Bg6 42. Rb7+ Kf6 43. Kg3 Rd5 44. Rb6+ Kg7 45. Nf4 Ra5 46. Kh4
Ra4 47. Kg3 Bf7 48. Rb5 Kf6 49. Rb6+ Kg7 50. Nd3 Bg6 51. h4 Rd4 52. Rb7+ Kf6
53. Rb6+ Kg7 54. Nf4 Ra4 55. Ne6+ Kf7 1-0

[Event "PWC Toronto op"]
[Site "Toronto CAN"]
[Date "2009.04.18"]
[Round "2"]
[White "Yuan, Yuanling"]
[Black "Thavandiran, Shiyam"]
[Result "1/2-1/2"]
[WhiteElo "2203"]
[BlackElo "2291"]
[PlyCount "136"]
[EventDate "2009.04.17"]
[EventType "swiss"]
[EventRounds "5"]
[EventCountry "CAN"]
[Source "Mark Crowther"]
[SourceDate "2009.04.20"]

1. e4 d5 2. exd5 Nf6 3. d4 Nxd5 4. Nf3 g6 5. Be2 Bg7 6. c4 Nb6 7. Nc3 O-O 8.
Be3 Nc6 9. h3 e5 10. dxe5 Nxe5 11. Nxe5 Bxe5 12. Qxd8 Rxd8 13. Rc1 Bf5 14. c5
Nd5 15. Nxd5 Rxd5 16. Bf3 Rdd8 17. b3 Bb2 18. Rd1 Rxd1+ 19. Bxd1 Bc3+ 20. Ke2
Re8 21. Kf3 Be4+ 22. Kg3 Be5+ 23. f4 Bf6 24. Bf3 Bf5 25. Bf2 c6 26. Rd1 h5 27.
h4 Bd8 28. b4 a6 29. Rd2 Bc7 30. Bd4 Rd8 31. Bc3 Rxd2 32. Bxd2 Kf8 33. Kf2 Ke7
34. Ke3 Bb1 35. a4 Bc2 36. a5 Ke6 37. g4 hxg4 38. Bxg4+ Bf5 39. Bf3 Bd8 40. Be1
Bf6 41. Bg2 Bb2 42. Bd2 Bc2 43. Bh3+ Bf5 44. Bg2 Bg4 45. Be4 Bh3 46. Bc2 Bf1
47. Bb3+ Kf6 48. Ba2 Bh3 49. Bc4 Be6 50. Bd3 Kg7 51. Be2 Bh3 52. Bc4 Bg4 53.
Bb3 f6 54. Kf2 Bd4+ 55. Kg3 Bf5 56. Bc4 Kf8 57. Kf3 Ke7 58. Kg3 Be4 59. Bb3 Bd5
60. Bc2 f5 61. Bd3 Ke6 62. Be2 Bb3 63. Bf3 Ba2 64. Bg2 Bb1 65. Bf3 Bc2 66. Be1
Bb2 67. b5 Be4 68. bxa6 bxa6 1/2-1/2

[Event "PWC Toronto op"]
[Site "Toronto CAN"]
[Date "2009.04.19"]
[Round "4"]
[White "Henry, Liam"]
[Black "Thavandiran, Shiyam"]
[Result "0-1"]
[WhiteElo "2186"]
[BlackElo "2291"]
[PlyCount "76"]
[EventDate "2009.04.17"]
[EventType "swiss"]
[EventRounds "5"]
[EventCountry "CAN"]
[Source "Mark Crowther"]
[SourceDate "2009.04.20"]

1. e4 c5 2. Nf3 b6 3. d4 cxd4 4. Nxd4 Bb7 5. Nc3 a6 6. Be3 e6 7. Qd2 Qc7 8. f3
Nc6 9. O-O-O Nf6 10. Kb1 d6 11. g4 O-O-O 12. g5 Nd7 13. Bh3 Nxd4 14. Qxd4 Bc6
15. f4 Kb7 16. f5 Nc5 17. Bc1 Re8 18. Rhe1 Rg8 19. Bf1 Nd7 20. Re3 b5 21. Rh3
Qb6 22. fxe6 fxe6 23. Qd3 Nc5 24. Qf3 b4 25. Ne2 Bxe4 26. Qf7+ Be7 27. Nd4 d5
28. Nb3 Nxb3 29. Rxb3 Bg6 30. Qf3 Rgf8 31. Qg4 Bf5 32. Qg3 Bd6 33. Qh4 Rc8 34.
Bd3 Bxd3 35. Rdxd3 Rf1 36. a3 Qg1 37. Rxb4+ Ka8 38. Ka2 Rxc1 0-1

[Event "PWC Toronto op"]
[Site "Toronto CAN"]
[Date "2009.04.19"]
[Round "5"]
[White "Thavandiran, Shiyam"]
[Black "Friedel, Joshua"]
[Result "0-1"]
[WhiteElo "2291"]
[BlackElo "2516"]
[PlyCount "82"]
[EventDate "2009.04.17"]
[EventType "swiss"]
[EventRounds "5"]
[EventCountry "CAN"]
[Source "Mark Crowther"]
[SourceDate "2009.04.20"]

1. e4 e5 2. Bc4 Nf6 3. d3 Nc6 4. Nc3 Na5 5. a3 Nxc4 6. dxc4 Be7 7. Be3 d6 8. f3
c6 9. Nge2 O-O 10. O-O Be6 11. b3 Qc7 12. Qe1 b5 13. cxb5 cxb5 14. Qd2 Qb7 15.
Bg5 Rfd8 16. Bxf6 Bxf6 17. Rfd1 Rac8 18. g3 h6 19. h4 d5 20. exd5 e4 21. fxe4
Bg4 22. Rf1 Be5 23. Rae1 b4 24. Nb1 a5 25. axb4 axb4 26. Nf4 Qe7 27. Kh2 Rd6
28. Kg2 g5 29. hxg5 Qxg5 30. Rf2 Rf6 31. Kh2 h5 32. Kg1 h4 33. Ng2 Qxd2 34.
Rxd2 hxg3 35. Ne3 Bf3 36. Nf5 Rxf5 37. exf5 Bd6 38. Ree2 Kg7 39. Rg2 Rh8 40.
Kf1 Kf6 41. c3 Bc5 0-1

[Event "WYCC U16"]
[Site "Vung Tau VIE"]
[Date "2008.10.20"]
[Round "1"]
[White "Dong Bao Nghia"]
[Black "Thavandiran, Shiyam"]
[Result "1-0"]
[WhiteElo "2019"]
[BlackElo "2338"]
[PlyCount "67"]
[EventDate "2008.10.20"]
[EventType "swiss"]
[EventRounds "11"]
[EventCountry "VIE"]
[Source "Mark Crowther"]
[SourceDate "2008.11.03"]

1. d4 Nf6 2. c4 e6 3. Nf3 d5 4. Nc3 dxc4 5. e3 a6 6. Bxc4 b5 7. Bb3 Bb7 8. O-O
Be7 9. Qe2 Nbd7 10. Rd1 O-O 11. a3 c5 12. dxc5 Bxc5 13. Bc2 Qc7 14. Bd2 Rac8
15. Rac1 Qb8 16. Ng5 Bd6 17. h3 Ne5 18. Be1 Rfd8 19. Nge4 Be7 20. Nxf6+ Bxf6
21. Ne4 Be7 22. Bc3 f5 23. Ng3 Nc4 24. Bb3 Bd5 25. e4 fxe4 26. Qg4 Ne5 27. Bxe5
Qxe5 28. Rxc8 Bxb3 29. Rdxd8+ Kf7 30. Qxe4 Qxb2 31. Qf3+ Qf6 32. Qxf6+ Kxf6 33.
Rd7 a5 34. Nh5+ 1-0

[Event "WYCC U16"]
[Site "Vung Tau VIE"]
[Date "2008.10.21"]
[Round "2"]
[White "Debashish, Das"]
[Black "Thavandiran, Shiyam"]
[Result "1-0"]
[WhiteElo "2309"]
[BlackElo "2338"]
[PlyCount "99"]
[EventDate "2008.10.20"]
[EventType "swiss"]
[EventRounds "11"]
[EventCountry "VIE"]
[Source "Mark Crowther"]
[SourceDate "2008.11.03"]

1. e4 e6 2. d4 d5 3. Nd2 c5 4. Ngf3 cxd4 5. exd5 Qxd5 6. Bc4 Qd6 7. O-O Nf6 8.
Nb3 Nc6 9. Nbxd4 Nxd4 10. Nxd4 a6 11. Re1 Bd7 12. c3 Qc7 13. Qe2 O-O-O 14. Nf3
Bd6 15. Bb3 Bb5 16. c4 Bc6 17. Ne5 Be4 18. f4 Bxe5 19. fxe5 Qxe5 20. h3 h6 21.
Qf2 Qd6 22. Be3 e5 23. Ba4 Kb8 24. a3 Qe6 25. Rac1 Qf5 26. Ba7+ Ka8 27. Qxf5
Bxf5 28. Rxe5 Bd7 29. Bxd7 Rxd7 30. Bb6 Rd6 31. c5 Re6 32. Rxe6 fxe6 33. Re1
Re8 34. Bc7 Nd7 35. b4 e5 36. Bd6 e4 37. Kf2 b5 38. Rc1 Nf6 39. c6 Ka7 40. Ke3
Kb6 41. Rc5 Rc8 42. Be5 a5 43. Bxf6 gxf6 44. Kxe4 Rxc6 45. Rxc6+ Kxc6 46. g4
axb4 47. axb4 Kd6 48. h4 Ke6 49. h5 Ke7 50. Kd5 1-0

[Event "WYCC U16"]
[Site "Vung Tau VIE"]
[Date "2008.10.22"]
[Round "3"]
[White "Thavandiran, Shiyam"]
[Black "Ralys, Vincas"]
[Result "1-0"]
[WhiteElo "2338"]
[BlackElo "1900"]
[PlyCount "89"]
[EventDate "2008.10.20"]
[EventType "swiss"]
[EventRounds "11"]
[EventCountry "VIE"]
[Source "Mark Crowther"]
[SourceDate "2008.11.03"]

1. e4 e5 2. Bc4 Nf6 3. d3 Nc6 4. Nc3 Bb4 5. Bg5 h6 6. Bh4 d6 7. Nge2 Be6 8. Bb5
Bd7 9. a3 Bxc3+ 10. Nxc3 g5 11. Bg3 Qe7 12. f3 O-O-O 13. Qd2 a6 14. Ba4 Nd4 15.
Bxd7+ Qxd7 16. O-O-O Rhe8 17. h4 Rg8 18. hxg5 Rxg5 19. Bh4 Rg6 20. Bxf6 Rxf6
21. Nd5 Rg6 22. Rxh6 Rdg8 23. Rxg6 Rxg6 24. Kb1 Kb8 25. c3 Ne6 26. d4 f6 27.
Ne3 Qh7 28. Nf5 Qh2 29. g3 Qh7 30. Qg2 Ng5 31. g4 Qh3 32. Qxh3 Nxh3 33. Rh1 Ng5
34. Rh8+ Ka7 35. Ne7 Rg7 36. Nc8+ Kb8 37. Nb6+ Ka7 38. Nc8+ Kb8 39. Nxd6+ Ka7
40. Nc8+ Kb8 41. Nd6+ Ka7 42. Nf5 Rf7 43. Nh4 Ne6 44. dxe5 fxe5 45. Rh5 1-0

[Event "WYCC U16"]
[Site "Vung Tau VIE"]
[Date "2008.10.24"]
[Round "6"]
[White "Thavandiran, Shiyam"]
[Black "Jain, A2."]
[Result "1-0"]
[WhiteElo "2338"]
[BlackElo "2010"]
[PlyCount "247"]
[EventDate "2008.10.20"]
[EventType "swiss"]
[EventRounds "11"]
[EventCountry "VIE"]
[Source "Mark Crowther"]
[SourceDate "2008.11.03"]

1. e4 c6 2. d4 d5 3. f3 dxe4 4. fxe4 e5 5. Nf3 Bg4 6. Bc4 Nd7 7. c3 b5 8. Bb3
Ngf6 9. O-O Bd6 10. Be3 O-O 11. Nbd2 Qc7 12. Qe1 Bh5 13. Qh4 Bg6 14. dxe5 Nxe5
15. Nxe5 Bxe5 16. Bc5 Bd6 17. Bd4 Be5 18. Bc5 Bd6 19. Bd4 Be5 20. Rae1 Rfe8 21.
Bc2 c5 22. Bxe5 Qxe5 23. Nf3 Qh5 24. Qxh5 Nxh5 25. Nh4 Nf6 26. Nxg6 hxg6 27. e5
Nd7 28. e6 Rxe6 29. Rxe6 fxe6 30. Bxg6 Ne5 31. Be4 Rd8 32. h3 Rd2 33. Rf2 Rd1+
34. Rf1 Rd2 35. Rf2 Rd1+ 36. Kh2 Re1 37. Bc2 a6 38. Kg3 Nc4 39. Bb3 Na5 40. Bc2
Nc4 41. b3 Ne3 42. Bg6 Nd5 43. Rf7 Re3+ 44. Kh4 Rxc3 45. Ra7 Kf8 46. Rf7+ Kg8
47. g4 c4 48. Ra7 Kf8 49. Rf7+ Kg8 50. Ra7 Kf8 51. bxc4 Rxc4 52. Rxa6 Nc7 53.
Ra3 Nd5 54. Rf3+ Rf4 55. Ra3 Ra4 56. Rf3+ Rf4 57. Rb3 Rb4 58. Rd3 Ra4 59. Kg3
Nf4 60. Rf3 e5 61. a3 b4 62. axb4 Rxb4 63. h4 Ke7 64. Bh7 Rb2 65. Ra3 Rg2+ 66.
Kf3 Rh2 67. Ra7+ Kf6 68. Ra6+ Ke7 69. Ra7+ Kf6 70. Ra6+ Ke7 71. h5 Nxh5 72.
gxh5 Rxh5 73. Bg6 Rh4 74. Be4 Rf4+ 75. Ke3 Rh4 76. Bd5 Rh6 77. Ra7+ Kf6 78.
Rf7+ Kg6 79. Re7 Kf5 80. Rxg7 Rh3+ 81. Kf2 e4 82. Re7 Rh4 83. Ke3 Rh3+ 84. Ke2
Rh2+ 85. Ke3 Rh3+ 86. Kf2 Rh4 87. Re8 Rf4+ 88. Ke3 Rf3+ 89. Ke2 Rf4 90. Bc4 Rh4
91. Ke3 Rh1 92. Rf8+ Ke5 93. Re8+ Kf5 94. Be2 Rh3+ 95. Kd4 Ra3 96. Rf8+ Ke6 97.
Bc4+ Kd6 98. Rf6+ Ke7 99. Re6+ Kd7 100. Rxe4 Ra1 101. Rh4 Re1 102. Rh7+ Re7
103. Rh6 Rg7 104. Be6+ Kd6 105. Bf5+ Ke7 106. Ke5 Kd8 107. Ra6 Rb7 108. Kd6
Rd7+ 109. Ke6 Rb7 110. Ra8+ Kc7 111. Ke7 Kc6+ 112. Ke6 Kc5 113. Ke5 Kc4 114.
Ra1 Rb5+ 115. Ke4 Rc5 116. Be6+ Kb4 117. Kd4 Rc7 118. Rb1+ Ka5 119. Bd5 Rc2
120. Bf7 Rc7 121. Be8 Rc8 122. Bd7 Rd8 123. Kc5 Rc8+ 124. Bc6 1-0

[Event "WYCC U16"]
[Site "Vung Tau VIE"]
[Date "2008.10.26"]
[Round "7"]
[White "Kiuttu, Roope"]
[Black "Thavandiran, Shiyam"]
[Result "0-1"]
[WhiteElo "2083"]
[BlackElo "2338"]
[PlyCount "122"]
[EventDate "2008.10.20"]
[EventType "swiss"]
[EventRounds "11"]
[EventCountry "VIE"]
[Source "Mark Crowther"]
[SourceDate "2008.11.03"]

1. e4 e6 2. d4 d5 3. e5 c5 4. c3 Qb6 5. Nf3 Nc6 6. a3 Nh6 7. b4 cxd4 8. cxd4
Nf5 9. Bb2 Bd7 10. g4 Nfe7 11. Rg1 Rc8 12. Nc3 Na5 13. Na4 Qc6 14. b5 Qc7 15.
Nc5 Nc4 16. Qb3 Ng6 17. Nxd7 Kxd7 18. Nd2 Nxd2 19. Kxd2 Be7 20. Qa4 Qb6 21. Rg3
Bg5+ 22. Ke1 f6 23. Bc3 fxe5 24. dxe5 Rhf8 25. Bd4 Rf4 26. Rd1 Rc1 27. Bxb6
Rxa4 28. Rxc1 Bxc1 29. Bc5 Bg5 30. Be2 Nxe5 31. Bf8 Bh4 32. Rc3 Bxf2+ 33. Kd1
Bb6 34. Rh3 Rd4+ 35. Kc1 Re4 36. Bd1 Be3+ 37. Kb1 d4 38. Rxh7 d3 39. Rxg7+ Ke8
40. Bb4 Rc4 41. Bb3 Rc1+ 42. Ka2 Bc5 43. Kb2 d2 44. Bxd2 Nd3+ 45. Ka2 Rh1 46.
Rh7 Bd4 47. Bc2 Nc5 48. Bb1 Rg1 49. a4 Rg2 50. a5 Rxd2+ 51. Ka3 Rb2 52. Bg6+
Kf8 53. a6 Rxb5 54. axb7 Rb3+ 55. Ka2 Rb2+ 56. Ka3 Rb3+ 57. Ka2 Rxb7 58. Rxb7
Nxb7 59. Kb3 Kg7 60. Bc2 Nd6 61. h4 Bf2 0-1

[Event "WYCC U16"]
[Site "Vung Tau VIE"]
[Date "2008.10.27"]
[Round "8"]
[White "Thavandiran, Shiyam"]
[Black "Soors, Stef"]
[Result "0-1"]
[WhiteElo "2338"]
[BlackElo "2176"]
[PlyCount "104"]
[EventDate "2008.10.20"]
[EventType "swiss"]
[EventRounds "11"]
[EventCountry "VIE"]
[Source "Mark Crowther"]
[SourceDate "2008.11.03"]

1. e4 e6 2. d4 d5 3. e5 c5 4. c3 Nc6 5. Nf3 Bd7 6. Be3 Qb6 7. dxc5 Bxc5 8. Bxc5
Qxc5 9. Bd3 f6 10. Qe2 Nh6 11. O-O O-O 12. Nbd2 Nxe5 13. c4 Nxd3 14. Qxd3 Rad8
15. b4 Qxb4 16. Rfb1 Qa4 17. Rxb7 Bc6 18. Rc7 Rc8 19. Rxc8 Rxc8 20. Qe2 Re8 21.
cxd5 Bxd5 22. h3 Nf5 23. Rc1 Qxa2 24. Qb5 Rd8 25. Rc7 Qa1+ 26. Kh2 Qa3 27. Nc4
Qc3 28. Qa6 h5 29. Qxa7 Bxf3 30. Ne3 Qe5+ 31. g3 Kh8 32. Nxf5 Qxf5 33. Rxg7 Rg8
34. Rc7 h4 35. Qd4 hxg3+ 36. fxg3 Be4 37. Qe3 Qg6 38. Qf4 Ra8 39. g4 Bd5 40.
Qd6 Qg5 41. Kg3 Qe3+ 42. Kh4 Rg8 43. Rf7 Qf2+ 44. Qg3 Qxg3+ 45. Kxg3 Rg6 46.
Kh4 Kg8 47. Rd7 Rg7 48. Rd8+ Kh7 49. Kh5 Rg5+ 50. Kh4 Rg8 51. Rd7+ Kh6 52. g5+
fxg5+ 0-1

[Event "WYCC U16"]
[Site "Vung Tau VIE"]
[Date "2008.10.28"]
[Round "9"]
[White "Skoda, Martin"]
[Black "Thavandiran, Shiyam"]
[Result "0-1"]
[WhiteElo "2001"]
[BlackElo "2338"]
[PlyCount "128"]
[EventDate "2008.10.20"]
[EventType "swiss"]
[EventRounds "11"]
[EventCountry "VIE"]
[Source "Mark Crowther"]
[SourceDate "2008.11.03"]

1. e4 d5 2. exd5 Nf6 3. Bb5+ Bd7 4. Be2 Nxd5 5. d4 Bf5 6. c3 e6 7. Nf3 Be7 8.
O-O O-O 9. Qb3 Qc8 10. Na3 a5 11. c4 a4 12. Qd1 Bxa3 13. cxd5 Bd6 14. dxe6 Qxe6
15. Bb5 Bg4 16. Qd3 Qd5 17. Ng5 Bf5 18. Qc4 Qxc4 19. Bxc4 h6 20. Nf3 Nd7 21.
Re1 Nb6 22. b3 Rfe8 23. Rxe8+ Rxe8 24. Be3 Kf8 25. Rc1 f6 26. h3 Be4 27. Nd2
Ba3 28. Re1 Bb4 29. Rc1 Ba3 30. Re1 Bb4 31. Rc1 Bc6 32. Nf1 Ba3 33. Re1 Nd5 34.
Bd2 b5 35. Bd3 axb3 36. axb3 Bb2 37. Be3 Bd7 38. Rb1 Bc3 39. Rc1 f5 40. g3 b4
41. Bc4 Nxe3 42. fxe3 Ra8 43. Rc2 Ra1 44. Kf2 Be8 45. Be6 Bg6 46. Re2 f4 47.
gxf4 Bd3 48. Ng3 Ke7 49. Bg8 Bxe2 50. Nxe2 Be1+ 51. Kf3 Bd2 52. Bc4 Rf1+ 53.
Kg2 Ra1 54. Kf3 Ra8 55. Ng3 Rf8 56. Ke4 Kf6 57. Kf3 Bc1 58. e4 g6 59. f5 Kg5
60. Bd3 Bb2 61. d5 h5 62. Ne2 gxf5 63. exf5 Be5 64. Ng3 Kh4 0-1

[Event "WYCC U16"]
[Site "Vung Tau VIE"]
[Date "2008.10.29"]
[Round "10"]
[White "Thavandiran, Shiyam"]
[Black "Datu, Alcon John"]
[Result "0-1"]
[WhiteElo "2338"]
[BlackElo "2159"]
[PlyCount "106"]
[EventDate "2008.10.20"]
[EventType "swiss"]
[EventRounds "11"]
[EventCountry "VIE"]
[Source "Mark Crowther"]
[SourceDate "2008.11.03"]

1. e4 Nf6 2. e5 Nd5 3. d4 d6 4. c4 Nb6 5. exd6 exd6 6. Nc3 Be7 7. Bd3 O-O 8.
Nge2 Bg4 9. O-O Nc6 10. b3 Bf6 11. Be3 Re8 12. Qd2 d5 13. c5 Nc8 14. h3 Bxe2
15. Nxe2 Qd7 16. b4 a6 17. a4 a5 18. b5 Nb4 19. Bb1 b6 20. Ng3 g6 21. Bg5 Qe7
22. Bxf6 Qxf6 23. Ra3 c6 24. Rf3 Qh4 25. Re1 Re7 26. Rxe7 Nxe7 27. cxb6 Rb8 28.
Rf4 Qh6 29. Qe3 cxb5 30. axb5 Rb7 31. Qf3 Nc8 32. Qe3 Qf8 33. Rg4 Re7 34. Qd2
Nxb6 35. Nf5 Re6 36. Nh6+ Kh8 37. Qf4 Kg7 38. Nf5+ Kh8 39. Nh6 Kg7 40. Nf5+ Kh8
41. Nh6 Kg7 42. Rh4 Nd7 43. Ng4 Re1+ 44. Kh2 Qb8 45. Ne5 Nxe5 46. Qh6+ Kf6 47.
Rf4+ Ke7 48. Qg5+ Kf8 49. dxe5 Qxe5 50. Bf5 Kg7 51. b6 Nd3 52. b7 Nxf4 53. g3
Rh1+ 0-1